000 00903nam a22001337a 4500
040 _cRUA
082 _aVEM TEN 2015 B481 Or.1
100 _aTENG SOKHA; តេង សុខា
245 _aEffect of antibiotic on fattening pig raspiratory disease from 30kg until slaughter in nov sreychan farm, toulprich commune, angksnoul district, kandal province; ប្រសិទ្ធភាពអង់ទីប៊ីយ៉ូទិចលើជំងឺផ្លុវដង្ហើមជ្រូកសាច់ចាប់ពីទម្ងន់៣០គីឡូក្រាម រហូតដល់ពេលពិឃាដនៅកសិដ្ឋាន នៅ ស្រីចាន់ ស្ថិតក្នុងឃុំទួលព្រិច ស្រុកអង្គស្មួល
260 _aPhnom Penh
_bRUA
_c2015
300 _ax; 34p;
_bill;
_c29cm;
856 _uTENG SOKHA
942 _cVEM
999 _c10479
_d10479